部首为尸的常见中文汉字 Common Chinese characters with the radical “Corpse” - Statistics

General Stats
  • This quiz has been taken 46 times
    43 since last reset
  • The average score is 15 of 30
Answer Stats
拼音首字母 笔画数 汉字 % Correct
n 7 尿
95%
s 9
92%
p 7
87%
s 3
76%
b 8
61%
c 7
61%
c 4
58%
j 7
58%
j 8
58%
j 6
55%
k 5
55%
q 8
55%
n 5
53%
p 9
50%
w 7
50%
k 10
47%
l 15
47%
l 12
45%
z 10
45%
j 8
42%
t 8
42%
w 9
42%
s 12
37%
x 10
37%
j 10
34%
t 11
34%
y 4
24%
x 14
18%
c 21
13%
j 15
11%
No matching quizzes found
Score Distribution
Percent of People with Each Score
Percentile by Number Answered
Your Score History
You have not taken this quiz since the last reset